Welcome to the Holygrace Academy Library

Please use search bar below to get started

KERALA TRAVEL GUIDE (Record no. 6114)

MARC details
000 -LEADER
fixed length control field 00253nam a22001217a 4500
082 ## - DEWEY DECIMAL CLASSIFICATION NUMBER
Classification number 001
Item number KAN/K
100 ## - MAIN ENTRY--AUTHOR NAME
Personal name KANKARAGHAVAN
245 ## - TITLE STATEMENT
Title KERALA TRAVEL GUIDE
260 ## - PUBLICATION, DISTRIBUTION, ETC. (IMPRINT)
Place of publication THRISSUR
Name of publisher H&C
300 ## - PHYSICAL DESCRIPTION
Number of Pages 48
650 ## - SUBJECT ADDED ENTRY--TOPICAL TERM
Topical Term GUIDE - KERALA
Geographic subdivision KERALA
942 ## - ADDED ENTRY ELEMENTS (KOHA)
Koha item type Books
Holdings
Withdrawn status Lost status Collection code Home library Current library Shelving location Date acquired Source of acquisition Cost, normal purchase price Full call number Accession Number Koha item type
    G.K Main Library Main Library   25/03/2015 PURCHASE 20.00 001 KAN/K 09706 Books
    G.K Main Library Main Library   25/03/2015 PURCHASE 20.00 001 KAN/K 09707 Books
    Fiction Main Library Main Library   25/03/2015 PURCHASE 20.00 001 KAN/K 09705 Books